Sports Quiz

Random Sports or Basketball Quiz
Score 0/61 Timer 15:00
0 Plays Today
МАТЧ ЗВЕЗД ИГРОК % Correct
2017Алексей Швед
94.3%
2017, 2018Сергей Карасев
74.7%
2017, 2018, 2019Андрей Воронцевич
74.7%
2017, 2018, 2019Сергей Моня
71.7%
2018, 2019Дмитрий Кулагин
70.5%
2018Василий Карасев
70.5%
2018Михаил Кулагин
69.3%
2018, 2019Никита Курбанов
69%
2017, 2018, 2019Дмитрий Хвостов
68.5%
2018, 2019Серхио Родригес
66.7%
2019Кайл Хайнс
64.9%
2019Виталий Фридзон
57.1%
2017Виктор Хряпа
53.6%
2017Янис Тимма
52.1%
2017, 2018Антон Понкрашов
50.6%
2017, 2018, 2019Евгений Воронов
47.6%
2017, 2018Нандо Де Коло
46.7%
2019Никита Михайловский
43.5%
2018Энтони Гилл
41.1%
2019Артем Забелин
41.1%
2017Андрей Зубков
38.1%
2019Джоэль Боломбой
38.1%
2019Джамар Смит
37.2%
2018Иван Ухов
35.1%
2019Артем Клименко
34.9%
2018, 2019Иван Стребков
31.3%
2017Евгений Колесников
25.6%
2017Сергей Быков
23.5%
2017 Евгений Пашутин
23.2%
2017Димитрис Итудис
23.2%
2017, 2018Фрэнк Элегар
22.9%
МАТЧ ЗВЕЗД ИГРОК % Correct
2018Дрю Гордон
22.3%
2019Кендрик Перри
22.3%
2017Владислав Трушкин
22%
2019Джордан Мики
22%
2017Кит Лэнгфорд
20.5%
2018Коти Кларк
20.2%
2018Петр Губанов
18.8%
2017Стефан Маркович
18.5%
2019Дорелл Райт
17.9%
2017Райан Брокхофф
17.3%
2018Хоакин Колом
17%
2017Янис Блумс
16.1%
2018Коди Миллер-Макинтайр
15.2%
2019Димитрис Прифтис
14.9%
2017Артем Параховский
14.3%
2019Олег Окулов
14.3%
2017Тейлор Рочести
12.5%
2017Николас Миннерат
12.2%
2018Марди Коллинз
12.2%
2019Энтони Клеммонс
11.9%
2019Перрин Бьюфорд
11.9%
2019Рашард Келли
11.3%
2019ДиЭнджело Харрисон
11.3%
2018Стефан Ласме
10.7%
2018Саша Обрадович
10.7%
2018Энтони Хиллиард
10.4%
2019Янари Йоэсаар
9.5%
2017Деандре Кейн
8.6%
2017Данило Анджушич
7.7%
2018Джастин Картер
7.7%

You're not logged in!

Compare scores with friends on all Sporcle quizzes.
OR
Log In

Sporcle TV

Today on Sporcle TV


Watch our educational content, quiz creation guides, and fun videos on Sporcle TV.

Show Comments

Extras

Created Jan 10, 2020ReportNominate
Tags:Basketball Quiz

Top Quizzes Today


Score Distribution

Paid Content

Your Account Isn't Verified!

In order to create a playlist on Sporcle, you need to verify the email address you used during registration. Go to your Sporcle Settings to finish the process.

Report this User

Report this user for behavior that violates our Community Guidelines.

Details: